Libertad para ordenar la sucesin̤ Libertad de testar /

Detalles Bibliográficos
Autor principal: Magariǫs Blanco, Victorio
Formato: eBook
Lenguaje:español
Publicado: Madrid: Dykinson, 2022
Materias:
Acceso en línea:Acceso restringido

MARC

LEADER 00000nam a22000007a 4500
005 20220920013322.0
007 cr|||| ||||
008 220920s2022 es |||||s|||| 00||0 spa d
020 |a 978-84-1122-349-2 
035 |a 37096 
040 |a vLex 
090 |c 13969  |d 13969 
100 1 |a Magariǫs Blanco, Victorio 
245 1 0 |a  Libertad para ordenar la sucesin̤  |h [Recurso electrn̤ico] :  |b Libertad de testar /  |c Victorio Magariǫs Blanco 
256 |a Servicio en ln̕ea 
260 |a Madrid:  |b Dykinson,  |c 2022 
300 |a 1 recurso electrn̤ico 
500 |a El libro es una defensa de la libertad para que una persona pueda ordenar su sucesin̤ sin la limitacin̤ de las legt̕imas. Que, como reliquias del pasado, perduran sin fundamento sl̤ido en sistemas sucesorios todava̕ vigentes. El autor analiza las razones histr̤icas que han podido propulsar tal limitacin̤, las que se esgrimieron para mantenerla y la tendencia legislativa actual favorable a su reduccin̤. Reflexiona sobre los argumentos que utiliza hoy la doctrina; la cual, a pesar de reconocer, de manera casi unǹime, la necesidad de reducir la extensin̤ de las legt̕imas, se resiste, de manera inercial, a su supresin̤. Trata de poner al descubierto la inconsistencia de las legt̕imas considerando que suponen una limitacin̤ sobreaądida a la obligacin̤ natural derivada de la procreacin̤, sin ms̀ fundamento que el parentesco, al margen de la necesidad de proteccin̤. Y que el verdadero Derecho no puede conceder, sin ms̀, a una persona la facultad de enriquecerse a costa de otra en contra de la voluntad de šta. Propone como solucin̤ justa la libertad para ordenar la sucesin̤, con el complemento de un derecho de asistencia a las personas que por responsabilidad derivada de la procreacin̤ o convivencia estň en situacin̤ de necesidad que exija proteccin̤. Y, por tanto, la supresin̤ de la legt̕ima. Tambiň la del impuesto sobre sucesiones, que incide de modo crucial sobre la libertad de testar. 
506 1 |a Disponible solo en los productos indicados  |d vLex Global  |d vLex Global (Academic Edition, excluding Law Schools)  |d vLex Global (U.S. Academic Edition, Law Schools)  |d vLex Global (U.S. Academic Edition, excluding Law Schools)  |d vLex Global (Academic Edition, Law Schools) 
650 0 4 |a Sucesiones  |z Espaą 
740 0 |a vLex Libros (Servicio en ln̕ea) 
856 4 0 |u https://app.vlex.com/#/sources/37096  |z Acceso restringido 
942 |c BOOK 
999 0 |a Inheritance